00411nam a2200169Ia 45000030006000000050017000060080041000230200018000640400009000820410012000910820016001032450026001192600039001453000008001845050026001926500023002180Nust20170105110252.0161124s9999 xx 000 0 und d a81-307-0608-3 cIGIS aEnglish a401 20bBAR 4aThe story of Language aNewdelhibCosmo Publicationsc2007 a295 aThe story of Language a story of Language